<?xml version="1.0" encoding="UTF-8"?><?xml-stylesheet type="text/xsl" href="static/style.xsl"?><OAI-PMH xmlns="http://www.openarchives.org/OAI/2.0/" xmlns:xsi="http://www.w3.org/2001/XMLSchema-instance" xsi:schemaLocation="http://www.openarchives.org/OAI/2.0/ http://www.openarchives.org/OAI/2.0/OAI-PMH.xsd"><responseDate>2026-04-17T13:54:06Z</responseDate><request verb="GetRecord" identifier="oai:riubu.ubu.es:10259/10825" metadataPrefix="marc">https://riubu.ubu.es/oai/request</request><GetRecord><record><header><identifier>oai:riubu.ubu.es:10259/10825</identifier><datestamp>2025-08-30T22:01:23Z</datestamp><setSpec>com_10259_2699</setSpec><setSpec>col_10259_2705</setSpec></header><metadata><record xmlns="http://www.loc.gov/MARC21/slim" xmlns:doc="http://www.lyncode.com/xoai" xmlns:xsi="http://www.w3.org/2001/XMLSchema-instance" xmlns:dcterms="http://purl.org/dc/terms/" xsi:schemaLocation="http://www.loc.gov/MARC21/slim http://www.loc.gov/standards/marcxml/schema/MARC21slim.xsd">
<leader>00925njm 22002777a 4500</leader>
<datafield tag="042" ind1=" " ind2=" ">
<subfield code="a">dc</subfield>
</datafield>
<datafield tag="720" ind1=" " ind2=" ">
<subfield code="a">Gil Ferneda, Howard</subfield>
<subfield code="e">author</subfield>
</datafield>
<datafield tag="260" ind1=" " ind2=" ">
<subfield code="c">2024</subfield>
</datafield>
<datafield tag="520" ind1=" " ind2=" ">
<subfield code="a">Esta tesis explora la génesis del mundinovi en su primer siglo de vida porque es su época&#xd;
más oscura y, además, las teorías tradicionales que definen su origen han sido recientemente&#xd;
puestas en duda por varios autores. Estas proponen al retablo mecánico como antecesor, una&#xd;
etimología basada en el Nuevo Mundo (América) y la nacionalidad saboyana de los primeros&#xd;
representantes. Aun así, han sido defendidas por numerosos autores que han mencionado este&#xd;
espectáculo en sus estudios y han transmitido la misma información de forma preceptiva y&#xd;
acrítica. Sus trabajos sólo atienden la caja óptica y apenas sobrepasan lo divulgativo, así que&#xd;
esta praxis ha propiciado la mitificación y ablación de este entretenimiento por la evidente&#xd;
diversidad de artefactos que participaron en él. Por otro lado, tampoco es posible estudiar el&#xd;
particular directamente debido al carácter de las referencias y ello ha condicionado la forma en&#xd;
la que se abordan todos estos problemas. Así pues, este estudio analiza críticamente cada&#xd;
referencia desde un enfoque interdisciplinar, en el que intervienen diferentes disciplinas de las&#xd;
humanidades, la comunicación y las bellas artes para adaptarse a su naturaleza y contexto.&#xd;
Aparte de la metodología teórica, desarrolla casos prácticos que demuestran la tipología de los&#xd;
dispositivos y de cuyos resultados propone una taxonomía fenética como guía para&#xd;
identificarlos. Por lo tanto, el fin principal de esta tesis es proporcionar información acertada&#xd;
para aquellos que deseen teorizar sobre este espectáculo mediante la arqueología de los medios&#xd;
y evitar así la publicación de nuevos trabajos sesgados.</subfield>
</datafield>
<datafield tag="024" ind2=" " ind1="8">
<subfield code="a">https://hdl.handle.net/10259/10825</subfield>
</datafield>
<datafield tag="024" ind2=" " ind1="8">
<subfield code="a">10.36443/10259/10825</subfield>
</datafield>
<datafield ind1=" " ind2=" " tag="653">
<subfield code="a">Mondo Nuovo</subfield>
</datafield>
<datafield ind1=" " ind2=" " tag="653">
<subfield code="a">Mundinovi</subfield>
</datafield>
<datafield ind1=" " ind2=" " tag="653">
<subfield code="a">Tutilimundi</subfield>
</datafield>
<datafield ind1=" " ind2=" " tag="653">
<subfield code="a">Curiosité</subfield>
</datafield>
<datafield ind1=" " ind2=" " tag="653">
<subfield code="a">Raree Show</subfield>
</datafield>
<datafield ind1=" " ind2=" " tag="653">
<subfield code="a">Rarekiek</subfield>
</datafield>
<datafield tag="245" ind1="0" ind2="0">
<subfield code="a">Génesis y taxonomía del mundinovi en la España del XVII al XVIII</subfield>
</datafield>
</record></metadata></record></GetRecord></OAI-PMH>